Constitución política de la República de Chile: aprobada por decreto n§ 1.104 de 28 de julio de 1994 del Ministerio de Justicia

Zapisane w:
Opis bibliograficzny
Format: Książka
Język:hiszpański
Wydane: Santiago Jurídica 1996
Wydanie:5a. ed
Hasła przedmiotowe:
Etykiety: Dodaj etykietę
Nie ma etykietki, Dołącz pierwszą etykiete!

MARC

LEADER 00000nam a2200000 a 4500
001 UCU7379
003 CL-VaPUC
008 960705e19960000CL |||||||||||||||||spa|d
082 0 4 |a 342.83  |b CON  |2 21 
245 1 0 |a Constitución política de la República de Chile: aprobada por decreto n§ 1.104 de 28 de julio de 1994 del Ministerio de Justicia 
250 |a 5a. ed 
300 |a 830 p 
942 |c BK 
945 |d 19960705 00:00:00  |a rbrito 
260 |a Santiago  |b Jurídica  |c 1996 
500 |a Apéndice actualizado a enero de 1996 
650 0 |a Derecho constitucional   |9 222588 
650 0 |a Constitución política  |9 336925 
651 7 |a CHILE  |2 CL-VaPUC  |9 366184 
583 |a last modification  |c 19960705 00:00:00  |k Rodrigo Vera 
999 |c 250038  |d 250036 
952 |0 0  |1 0  |2 ddc  |4 0  |6 342_830000000000000_CON_1996  |7 0  |8 FOND_LRYV  |9 267719  |a BIBDER  |b BIBDER  |d 2019-11-19  |i 3243672  |o 342.83 CON 1996  |p 3243672  |r 2023-01-25  |w 2019-11-19  |y BK_X  |k DER 
952 |0 0  |1 0  |4 0  |6 342_830000000000000_CON_1996  |7 0  |8 A  |9 267720  |a BIBCUR  |b BIBCUR  |d 2019-11-19  |i 3248178  |l 1  |o 342.83 CON 1996  |p 3248178  |r 2025-04-22  |s 2022-06-20  |w 2019-11-19  |y BK  |k PER 
952 |0 0  |1 0  |2 ddc  |4 0  |6 342_830000000000000_CON_1996  |7 0  |8 FOND_LRYV  |9 267721  |a BIBDER  |b BIBDER  |d 2019-11-19  |i 3285065  |o 342.83 CON 1996  |p 3285065  |r 2023-01-25  |w 2019-11-19  |y BK_X  |k DER